Kasihku Satu

Bibliographic Details
Main Author: Amiza Anas (Author)
Format: Book
Language:Malay
Published: Shah Alam, Selangor : Alaf 21 Sdn Bhd 2010
Subjects:

MARC

LEADER 00000cam a2200000 7i4500
001 0000009321
005 20201008.0
008 200922 my may
020 |a 9789831245316 
040 |a INS   |b eng   |e rda 
090 0 0 |a PL5186.A45   |b K37 2010 
100 0 |a Amiza Anas ,   |e author 
245 1 0 |a Kasihku Satu   |c Amiza Anaz 
264 1 |a Shah Alam, Selangor :   |b Alaf 21 Sdn Bhd   |c 2010 
300 |a 468 pages ;   |c 19 cm. 
336 |a text  |2 rdacontent 
337 |a unmediated  |2 rdamedia 
338 |a volume  |2 rdacarrier 
650 0 |a Malay fiction 
999 |a 0000024729   |b BOOK   |c Open Shelf   |e Default branch